Propiedades de las perovskitas ABO_3 (A=LA,Ba y B= Co,Fe) como material de cátodo en celdas de combustible IT-SOFC /

Guardado en:
Otros Autores: Martínez-Setevich, Cristian F. (Disertante), Prado, Fernando. (Orientador), Caneiro, Alberto. (Orientador)
Formato: Manuscrito
Idioma:Spanish
Publicado: 2014.
Materias:
Acceso en línea:Texto completo
Etiquetas: Agregar Etiqueta
Sin Etiquetas, Sea el primero en etiquetar este registro!
LEADER 01322ntm a22003255a 4500
001 EUN.eunm005255
008 140415s2014####ag#######bm###000#0#spa#d
005 20201019120401.0
245 1 0 |a Propiedades de las perovskitas ABO_3 (A=LA,Ba y B= Co,Fe) como material de cátodo en celdas de combustible IT-SOFC /  |c Cristian F. Martínez-Setevich. 
260 |c 2014. 
300 |a 201 h. :  |b il. col. ;  |c 30 cm. 
500 |a Director de tesis: Fernando Prado; co-dirección: Alberto Caneiro. 
500 |a "Tesis de Doctor en Física". 
502 |a Tesis (doctoral)--Universidad Nacional del Sur. Departamento de Física, 2014. 
530 |a Disponible también en formato digital. 
504 |a Incluye referencias bibliográficas. 
100 1 |a Martínez-Setevich, Cristian F.  |4 dis 
700 1 |a Prado, Fernando.  |4 ths 
700 1 |a Caneiro, Alberto.  |4 ths 
710 2 |a Universidad Nacional del Sur.  |b Departamento de Física  |4 dgg. 
082 0 4 |a 040  |2 15 
082 0 4 |a 549.5  |2 15 
650 7 |a Electroquímica.  |2 unbist 
653 |a Cátodo 
650 7 |a Óxidos.  |2 abne 
653 |a BSCF 
653 |a Celdas de combustible 
653 |a LaBaCo_2O5-δ 
856 4 1 |3 Texto completo  |u http://repositoriodigital.uns.edu.ar/handle/123456789/3625 
859 |a AR-BaUNS  |b BIB. CENTRAL - Tesis  |h 040  |i B148 2014-1266  |k R  |p 124367/014